Générique Inazuma Eleven - Paroles - Statistiques

Statistiques générales
  • Ce quiz a été pris 796 fois
  • Le résultat moyen est 27 sur 42
Statistiques - réponses
Paroles % Correct
Et la {victoire} est en toi !
97%
Inazuma {Eleven} !
94%
Vas-y {cours}
94%
Inazuma tous {champions} !
90%
Avec {Axel} on est à l'abri !
87%
On s'en {sortira} !
87%
Si le match est {dur}
85%
Sur le terrain il a du {génie} !
85%
On les {vaincra} !
83%
En {avant} !
82%
Hey ! {Ho} !
82%
Inazuma sera notre {allié} !
81%
Entre nous c'est l'{amitié}...
80%
On ne devra jamais {renoncer}...
78%
Même dans la {boue}
76%
Qui nous fait {triompher} !
74%
{Champion} !
72%
Pour marquer des {buts}
71%
On donnera {tout}
69%
Et la {victoire} est en toi !
68%
Vas-y {cours}
68%
On gagnera le {match}
67%
Pour arriver en {finale} !
67%
C'est {normal} !
63%
Et la {victoire} est en toi !
62%
Salue la force d'{Inazuma} !
62%
Vas-y {cours}
62%
Quand on marque des {buts}
61%
De sa {foudre} Inazuma
58%
Et le {stade} en folie
58%
On bâtira tous nos {rêves} !
57%
Vas-y {cours}
57%
C'est Inazuma {Eleven}
55%
Et la {victoire} est en toi !
55%
Fera de toi un {champion} !
48%
De larmes et de {sueur}
47%
Nos supporters sont en {joie} !
47%
{Hey} !
37%
Nous protègera sans {trêve} !
34%
{Inazuma} !
23%
{Savant} !
13%
Inazuma ! Vas-y {Raimon} !
10%
Aucun quiz correspondant
Distribution des résultats
% des personnes avec chaque résultat
Percentile par nombre de réponses
Votre historique - résultats
Vous n’avez pas pris ce quiz